| 000 | 00000nam##2200000za#4500 |
| 001 | 9.603027 |
| 003 | CaOODSP |
| 005 | 20210624210850 |
| 007 | cr ||||||||||| |
| 008 | 150406|2001||||xxc|||||o f|0| 0 fre|d |
| 040 | |aCaOODSP|bfre |
| 043 | |an-cn--- |
| 086 | 1 |aH113-7/2001-10F-PDF |
| 110 | 1 |aCanada.|bSanté Canada. |bAgence de réglementation de la lutte antiparasitaire. |
| 245 | 10|aSpinosad - Insecticide Successmd [sic] 480SC Naturalyte - Insecticide Conservemd [sic] 480SC Naturalyte |h[ressource électronique] |
| 260 | |aOttawa - Ontario : |bSanté Canada. |cLe 17 août 2001. |
| 300 | |a86p.|bfigures, glossaire, tableaux |
| 490 | 1 |aNote réglementaire |vREG2001-10 |
| 590 | |a12-30-Supp|b2012-06-28 |
| 691 | 07|aInsecticide|2gcpds |
| 691 | 07|aInsecte|2gcpds |
| 775 | 08|tSpinosad - Success [TM] 480SC Naturalyte Insect Control Product - Conserve [TM] 480SC Naturalyte Insect Control Product |w(CaOODSP)9.572697 |
| 776 | 0#|tSpinosad: Insecticide Successmd 480SC Naturalyte, Insecticide Conservemd 480SC Naturalyte |w(CaOODSP)9.625796 |
| 830 | #0|aNote réglementaire ;|vREG2001-10|w(CaOODSP)9.500880 |
| 856 | 40|ahttp://publications.gc.ca|qPDF|s274 Ko|uhttps://publications.gc.ca/collections/Collection/H113-7-2001-10F.pdf|yREG2001-10 |